الممالك الإسلامية في غرب إفريقيا وأثرها في تجارة الذهب عبر الصحراء الكبرى / (Record no. 15773)

MARC details
000 -الفاتح
حقل البيانات ثابتة الطول 01127nam a2200265 i 4500
003 - محدد رقم الضبط
رقم الضبط EG-ScBUE
005 - وقت وتاريخ اخر تعامل مع التسجيلة
رقم الضبط 20230921095926.0
008 - عناصر البيانات ثابتة الطول - معلومات عامة
حقل البيانات ثابتة الطول 110802s1968 u f b 000 0 ara d
040 ## - مصدر الفهرسة
وكالة الفهرسة الأصلية EG-ScBUE
لغة الفهرسة ara
قواعد الوصف rda
وكالة النسخ EG-ScBUE
وكالة التعديل EG-ScBUE
043 ## - رمز المنطقة الجغرافية
رمز المنطقة الجغرافية f------
082 04 - رقم تصنيف ديوى العشرى
رقم الطبعة 22
رقم التصنيف 966.2
رقم المادة ر ي ا
100 1# - المدخل الرئيسى - إسم شخصى
9 (RLIN) 26529
الإسم الشخصى رياض، زاهر،
الدور مؤلف.
245 12 - بيان العنوان
العنوان الممالك الإسلامية في غرب إفريقيا وأثرها في تجارة الذهب عبر الصحراء الكبرى /
بيان المسئوليه,etc دكتور زاهر رياض، معهد الدراسات الإفريقية، جامعة القاهرة.
264 #1 - النشر، التوزيع
مكان الناشر او الموزع القاهرة :
اسم الناشر او الموزع مكتبة الأنجلو المصرية،
تاريخ النشر أو التوزيع 1968.
300 ## - الوصف المادى
التعداد 318 صفحة ؛
أبعاد الوعاء 24 سم
336 ## - نوع المحتوى
source rdacontent
Carrier Type Term نص
Content Type Code txt
337 ## - نوع الوسيط
source rdamedia
Media Type Term بدون وسيط
Media Type Code n
338 ## - نوع الحامل أو الناقل
source rdacarrier
Carrier Type Term مجلد
Carrier Type Code nc
504 ## - تبصرة ببليوجرافية
تبصرة ببليوجرافية,الخ يشتمل على إرجاعات ببليوجرافية.
651 #7 - المدخل الاضافى بالموضوع - اسم جغرافى
الاسم الجغرافي أفريقيا الغربية
التقسيم الفرعي العام تاريخ.
مصدر الرأس أو المصطلح BUEsh
651 #7 - المدخل الاضافى بالموضوع - اسم جغرافى
الاسم الجغرافي ‪الصحراء الكبرى
التقسيم الفرعي العام تاريخ.
مصدر الرأس أو المصطلح BUEsh
653 ## - مصطلح تكشيفى غير مقيد
Arrived date list August2011
655 ## - مصطلح تكشيفى-نوع/شكل
التقسيم الفرعي الشكلي Reading book
942 ## - عناصر المدخل الإضافي( كوها)
مصدر التصنيف او مخطط الترفيف Dewey Decimal Classification
Koha [default] item type Book - Borrowing
Holdings
حالة التراجع حالة الفقد مصدر التصنيف او خطة الترفيف حالة تلف ليس للاعارة مجموعات كوها المكان الدائم المكان الحالي موقع الترفيف تاريخ الاكتساب Source of acquisition رقم الاستدعاء الباركود Date last seen نوع الوعاء
    Dewey Decimal Classification     Donation-Gift Central Library Central Library Second Floor 02/08/2011 Donation 966.2 ر ي ا 000023024 15/07/2025 Book - Borrowing